000 00441nam a2200181 a 4500
001 8007
003 CO-ViMGA
008 141112s2004 ck r 000 u spa d
020 _a8428106711
040 _aCO-ViMGA
_bspa
_cCO-ViMGA
082 0 4 _a412 T151l
100 1 _aTamba - Mecz, Irene
_97593
245 1 0 _aLa Semántica
260 _aBarcelona (E),
_cOikos Tau,
_c1989
300 _a125.p.
650 1 4 _aSEMANTICA
_97594
942 _2ddc
_cBK
999 _c19830
_d19830